Labour Force Survey (Macedonia) (Record no. 6470)

MARC details
000 -LEADER
fixed length control field 00553nam a22002177i 4500
001 - CONTROL NUMBER
control field 7613
003 - CONTROL NUMBER IDENTIFIER
control field OSt
005 - DATE AND TIME OF LATEST TRANSACTION
control field 20170126082402.0
007 - PHYSICAL DESCRIPTION FIXED FIELD--GENERAL INFORMATION
fixed length control field tu
008 - FIXED-LENGTH DATA ELEMENTS--GENERAL INFORMATION
fixed length control field 161220s xxu||||| |||| 00| 0 d
024 7# - OTHER STANDARD IDENTIFIER
Standard number or code 7613
Source of number or code RID
024 7# - OTHER STANDARD IDENTIFIER
Standard number or code 7613
Source of number or code RSN (alt)
040 ## - CATALOGING SOURCE
Transcribing agency OSt
110 2# - MAIN ENTRY--CORPORATE NAME
Corporate name or jurisdiction name as entry element Republic of Macedonia - State Statistical Office
245 00 - TITLE STATEMENT
Title Labour Force Survey (Macedonia)
260 ## - PUBLICATION, DISTRIBUTION, ETC.
Place of publication, distribution, etc. Skopje.
490 ## - SERIES STATEMENT
Series statement Labour Force Survey (Macedonia)
651 ## - SUBJECT ADDED ENTRY--GEOGRAPHIC NAME
Geographic name Macedonia
856 ## - ELECTRONIC LOCATION AND ACCESS
Uniform Resource Identifier <a href="http://www.stat.gov.mk/english/">http://www.stat.gov.mk/english/</a>
866 #0 - TEXTUAL HOLDINGS--BASIC BIBLIOGRAPHIC UNIT
-- individual for 1996-2008
942 ## - ADDED ENTRY ELEMENTS (KOHA)
Koha item type Statistics
Holdings
Withdrawn status Lost status Damaged status Not for loan Home library Current library Shelving location Date acquired Inventory number Total Checkouts Barcode Date last seen Price effective from Koha item type
        WIIW WIIW Library 07/19/2007 7613   10003585 01/26/2017 01/26/2017 Statistics
The Vienna Instiute for International Economic Studies (wiiw)